[Event "European Youth Chess Championship G16"]
[Site "Prague, Top Hotel Prague"]
[Date "2012.08.25"]
[Round "9.1"]
[White "Tantsiura, Marja"]
[Black "Imnadze, Nato"]
[Result "1-0"]
[WhiteElo "2193"]
[BlackElo "2030"]
[PlyCount "0"]
[EventDate "2012.08.17"]

1. e4 {[%clk 1:30:58]} e5 {[%clk 1:30:49]} 2. Nf3 {[%clk 1:31:26]} Nc6
{[%clk 1:31:15]} 3. Bb5 {[%clk 1:31:52]} Nf6 {[%clk 1:31:37]} 4. O-O
{[%clk 1:32:16]} Nxe4 {[%clk 1:32:02]} 5. d4 {[%clk 1:32:43]} Nd6
{[%clk 1:32:27]} 6. Bxc6 {[%clk 1:33:09]} dxc6 {[%clk 1:32:53]} 7. dxe5
{[%clk 1:33:34]} Nf5 {[%clk 1:33:12]} 8. Qxd8+ {[%clk 1:33:41]} Kxd8
{[%clk 1:33:39]} 9. Nc3 {[%clk 1:33:44]} Ke8 {[%clk 1:33:31]} 10. b3
{[%clk 1:25:11]} Be7 {[%clk 1:25:27]} 11. Bb2 {[%clk 1:20:01]} Be6
{[%clk 1:19:22]} 12. Rad1 {[%clk 1:19:23]} Rd8 {[%clk 1:17:50]} 13. h3
{[%clk 1:12:29]} h5 {[%clk 1:11:46]} 14. Ne4 {[%clk 1:06:07]} Rh6
{[%clk 0:58:39]} 15. Nfg5 {[%clk 0:58:40]} Rg6 {[%clk 0:45:44]} 16. Rxd8+
{[%clk 0:51:15]} Kxd8 {[%clk 0:39:04]} 17. Nxe6+ {[%clk 0:39:13]} Rxe6
{[%clk 0:38:46]} 18. Rd1+ {[%clk 0:36:04]} Kc8 {[%clk 0:34:57]} 19. Rd3
{[%clk 0:35:54]} Nh6 {[%clk 0:20:36]} 20. Ng3 {[%clk 0:24:32]} g6
{[%clk 0:11:58]} 21. Ne2 {[%clk 0:21:13]} Bg5 {[%clk 0:06:26]} 22. f4
{[%clk 0:20:40]} Be7 {[%clk 0:05:42]} 23. Kf2 {[%clk 0:18:52]} h4
{[%clk 0:05:21]} 24. Kf3 {[%clk 0:17:12]} Bf8 {[%clk 0:04:39]} 25. g4
{[%clk 0:17:19]} hxg3 {[%clk 0:04:15]} 26. Nxg3 {[%clk 0:17:46]} Re8
{[%clk 0:03:57]} 27. f5 {[%clk 0:17:02]} g5 {[%clk 0:01:22]} 28. f6
{[%clk 0:17:14]} Bb4 {[%clk 0:01:10]} 29. Ne4 {[%clk 0:11:28]} Rg8
{[%clk 0:01:28]} 30. Bc1 {[%clk 0:09:47]} g4+ {[%clk 0:01:41]} 31. Kf2
{[%clk 0:09:02]} Nf5 {[%clk 0:01:13]} 32. hxg4 {[%clk 0:09:02]} Rxg4
{[%clk 0:01:21]} 33. Ng5 {[%clk 0:08:37]} Nh6 {[%clk 0:00:46]} 34. Rh3
{[%clk 0:08:51]} Bf8 {[%clk 0:00:59]} 35. Nh7 {[%clk 0:09:19]} Rg8
{[%clk 0:00:33]} 36. Bxh6 {[%clk 0:09:01]} Bc5+ {[%clk 0:00:39]} 37. Be3
{[%clk 0:09:18]} Bxe3+ {[%clk 0:00:43]} 38. Kxe3 {[%clk 0:09:46]} Kd7
{[%clk 0:00:47]} 39. Kf4 {[%clk 0:10:13]} Rg2 {[%clk 0:00:37]} 40. Ng5
{[%clk 0:40:06]} Rf2+ {[%clk 0:30:52]} 41. Ke4 {[%clk 0:40:02]} Re2+
{[%clk 0:29:13]} 42. Re3 {[%clk 0:39:08]} Rg2 {[%clk 0:23:10]} 43. e6+
{[%clk 0:39:26]} fxe6 {[%clk 0:22:09]} 44. Rd3+ {[%clk 0:39:54]} 1-0

[Event "European Youth Chess Championship G16"]
[Site "Prague, Top Hotel Prague"]
[Date "2012.08.25"]
[Round "9.2"]
[White "Visanescu, Daria-Ioana"]
[Black "Bivol, Alina"]
[Result "1/2-1/2"]
[WhiteElo "2019"]
[BlackElo "2142"]
[PlyCount "0"]
[EventDate "2012.08.17"]

1. e4 {[%clk 1:30:55]} e6 {[%clk 1:30:55]} 2. d4 {[%clk 1:31:21]} d5
{[%clk 1:31:18]} 3. Nc3 {[%clk 1:31:41]} Bb4 {[%clk 1:31:41]} 4. e5
{[%clk 1:32:03]} c5 {[%clk 1:31:32]} 5. Bd2 {[%clk 1:31:58]} Nh6 {[%clk 1:31:54]}
6. Nce2 {[%clk 1:31:36]} Bxd2+ {[%clk 1:29:47]} 7. Qxd2 {[%clk 1:31:58]} Nc6
{[%clk 1:28:15]} 8. f4 {[%clk 1:20:30]} Qb6 {[%clk 1:17:57]} 9. O-O-O
{[%clk 1:15:49]} Bd7 {[%clk 1:18:15]} 10. Nf3 {[%clk 1:12:04]} Rc8
{[%clk 1:12:10]} 11. Nc3 {[%clk 1:03:06]} Na5 {[%clk 1:06:04]} 12. dxc5
{[%clk 0:41:47]} Rxc5 {[%clk 1:05:20]} 13. Ne4 {[%clk 0:40:29]} Rc7
{[%clk 0:55:44]} 14. Nd6+ {[%clk 0:40:42]} Kf8 {[%clk 0:56:05]} 15. Qd4
{[%clk 0:31:55]} Ng4 {[%clk 0:47:58]} 16. Qxb6 {[%clk 0:30:26]} axb6
{[%clk 0:48:26]} 17. Rd2 {[%clk 0:30:12]} Ke7 {[%clk 0:43:56]} 18. Bd3
{[%clk 0:26:43]} Ra8 {[%clk 0:43:08]} 19. Kb1 {[%clk 0:25:50]} Ne3
{[%clk 0:39:22]} 20. b3 {[%clk 0:24:45]} g6 {[%clk 0:30:57]} 21. Re1
{[%clk 0:24:57]} Nf5 {[%clk 0:31:08]} 22. Bxf5 {[%clk 0:25:07]} gxf5
{[%clk 0:31:26]} 23. Ng5 {[%clk 0:21:34]} f6 {[%clk 0:31:06]} 24. Nxh7
{[%clk 0:21:01]} fxe5 {[%clk 0:31:31]} 25. fxe5 {[%clk 0:21:09]} Rh8
{[%clk 0:31:19]} 26. Ng5 {[%clk 0:21:05]} Rxh2 {[%clk 0:31:29]} 27. Nf3
{[%clk 0:19:19]} Rh7 {[%clk 0:31:47]} 28. Kb2 {[%clk 0:18:40]} Nc6
{[%clk 0:31:47]} 29. Nd4 {[%clk 0:16:06]} Nd8 {[%clk 0:24:25]} 30. a4
{[%clk 0:11:31]} Bc6 {[%clk 0:20:40]} 31. Re3 {[%clk 0:10:20]} Kf8
{[%clk 0:19:10]} 32. Rf3 {[%clk 0:07:01]} Rcg7 {[%clk 0:18:32]} 33. Nc8
{[%clk 0:06:55]} Rh4 {[%clk 0:15:04]} 34. Nd6 {[%clk 0:05:29]} Rhg4
{[%clk 0:12:58]} 35. Rff2 {[%clk 0:04:22]} R7g6 {[%clk 0:09:29]} 36. Nc8
{[%clk 0:03:08]} Re4 {[%clk 0:06:53]} 37. Nf3 {[%clk 0:03:27]} Rgg4
{[%clk 0:05:10]} 38. c3 {[%clk 0:01:19]} b5 {[%clk 0:05:25]} 39. Nd6
{[%clk 0:01:42]} Ref4 {[%clk 0:03:54]} 40. axb5 {[%clk 0:32:01]} Bd7
{[%clk 0:34:20]} 41. Nh2 {[%clk 0:27:49]} Rxf2 {[%clk 0:34:08]} 42. Rxf2
{[%clk 0:28:14]} Rg3 {[%clk 0:34:33]} 43. Nf1 {[%clk 0:28:15]} Rg4
{[%clk 0:34:26]} 44. Ne3 {[%clk 0:28:05]} Rg3 {[%clk 0:34:54]} 45. Rf3
{[%clk 0:27:41]} Rxf3 {[%clk 0:33:21]} 46. gxf3 {[%clk 0:28:10]} Be8
{[%clk 0:31:56]} 47. f4 {[%clk 0:19:51]} Ke7 {[%clk 0:30:40]} 48. Kc2
{[%clk 0:19:53]} Bh5 {[%clk 0:30:52]} 49. Kd3 {[%clk 0:19:57]} Kd7
{[%clk 0:30:45]} 50. Kd4 {[%clk 0:19:59]} b6 {[%clk 0:30:29]} 51. c4
{[%clk 0:19:52]} dxc4 {[%clk 0:30:32]} 52. bxc4 {[%clk 0:20:04]} Bf3
{[%clk 0:28:33]} 53. c5 {[%clk 0:19:03]} bxc5+ {[%clk 0:27:42]} 54. Kxc5
{[%clk 0:19:26]} Kc7 {[%clk 0:28:06]} 55. Nc2 {[%clk 0:18:45]} Bd5
{[%clk 0:27:41]} 56. b6+ {[%clk 0:14:42]} Kd7 {[%clk 0:27:58]} 57. Nxf5
{[%clk 0:14:21]} Nb7+ {[%clk 0:28:24]} 58. Kd4 {[%clk 0:14:43]} Bb3
{[%clk 0:28:18]} 59. Nd6 {[%clk 0:03:35]} Nxd6 {[%clk 0:25:08]} 60. exd6
{[%clk 0:04:04]} Kxd6 {[%clk 0:25:16]} 61. Nb4 {[%clk 0:04:16]} Bd1
{[%clk 0:25:13]} 62. Ke4 {[%clk 0:02:00]} Bg4 {[%clk 0:24:39]} 63. Kd4
{[%clk 0:01:06]} Bh3 {[%clk 0:24:21]} 64. Kc4 {[%clk 0:00:45]} Bf1+
{[%clk 0:24:34]} 65. Kd4 {[%clk 0:00:46]} Bh3 {[%clk 0:24:33]} 1/2-1/2

[Event "European Youth Chess Championship G16"]
[Site "Prague, Top Hotel Prague"]
[Date "2012.08.25"]
[Round "9.3"]
[White "Navrotescu, Andreea-Cristiana"]
[Black "Nicolas Zapata, Irene"]
[Result "1-0"]
[WhiteElo "2090"]
[BlackElo "2197"]
[PlyCount "0"]
[EventDate "2012.08.17"]

1. d4 {[%clk 1:30:58]} Nf6 {[%clk 1:30:55]} 2. c4 {[%clk 1:31:22]} e6
{[%clk 1:31:21]} 3. Nc3 {[%clk 1:31:46]} Bb4 {[%clk 1:31:45]} 4. Bg5
{[%clk 1:32:10]} O-O {[%clk 1:30:02]} 5. e3 {[%clk 1:32:03]} d5 {[%clk 1:28:07]}
6. cxd5 {[%clk 1:30:24]} exd5 {[%clk 1:25:08]} 7. Bd3 {[%clk 1:30:25]} h6
{[%clk 1:23:42]} 8. Bh4 {[%clk 1:30:35]} c6 {[%clk 1:21:19]} 9. a3
{[%clk 1:29:42]} Be7 {[%clk 1:20:46]} 10. Nf3 {[%clk 1:28:04]} Ne4
{[%clk 1:14:04]} 11. Bxe7 {[%clk 1:28:08]} Qxe7 {[%clk 1:14:29]} 12. Qc2
{[%clk 1:28:25]} Bf5 {[%clk 1:14:02]} 13. Nd2 {[%clk 1:18:02]} Re8
{[%clk 1:10:12]} 14. Ncxe4 {[%clk 1:16:06]} dxe4 {[%clk 1:04:26]} 15. Be2
{[%clk 1:16:06]} Nd7 {[%clk 1:02:09]} 16. b4 {[%clk 1:13:57]} a5 {[%clk 0:56:43]}
17. Rb1 {[%clk 1:14:14]} axb4 {[%clk 0:56:46]} 18. axb4 {[%clk 1:14:42]} Qg5
{[%clk 0:44:40]} 19. g4 {[%clk 0:56:21]} Bxg4 {[%clk 0:35:11]} 20. Rg1
{[%clk 0:53:23]} Bxe2 {[%clk 0:35:08]} 21. Rxg5 {[%clk 0:53:45]} Bd3
{[%clk 0:35:34]} 22. Qxd3 {[%clk 0:28:29]} exd3 {[%clk 0:35:52]} 23. Ra5
{[%clk 0:24:22]} Nb6 {[%clk 0:29:09]} 24. Rba1 {[%clk 0:18:38]} Rad8
{[%clk 0:28:59]} 25. Nb3 {[%clk 0:17:55]} Nd5 {[%clk 0:25:29]} 26. Kd2
{[%clk 0:12:33]} Nxb4 {[%clk 0:20:29]} 27. R1a4 {[%clk 0:12:57]} Nd5
{[%clk 0:16:32]} 28. Kxd3 {[%clk 0:13:20]} f5 {[%clk 0:11:44]} 29. Ra1
{[%clk 0:12:33]} Re7 {[%clk 0:06:58]} 30. Ra7 {[%clk 0:12:13]} Rde8
{[%clk 0:06:27]} 31. Nc5 {[%clk 0:11:00]} b6 {[%clk 0:06:30]} 32. Nd7
{[%clk 0:08:35]} f4 {[%clk 0:03:11]} 33. Ne5 {[%clk 0:09:00]} fxe3
{[%clk 0:03:26]} 34. fxe3 {[%clk 0:09:29]} Nb4+ {[%clk 0:01:24]} 35. Kc3
{[%clk 0:09:11]} c5 {[%clk 0:01:07]} 36. Rxe7 {[%clk 0:08:36]} Rxe7
{[%clk 0:01:36]} 37. Ra8+ {[%clk 0:08:56]} Kh7 {[%clk 0:02:05]} 38. Rd8
{[%clk 0:04:30]} Re6 {[%clk 0:00:48]} 39. Nc4 {[%clk 0:04:04]} Nc6
{[%clk 0:00:41]} 40. Rc8 {[%clk 0:33:15]} Ne7 {[%clk 0:30:52]} 41. Rd8
{[%clk 0:31:42]} b5 {[%clk 0:22:23]} 42. Ne5 {[%clk 0:31:32]} c4 {[%clk 0:10:39]}
43. e4 {[%clk 0:26:03]} Ng6 {[%clk 0:01:48]} 44. Nxg6 {[%clk 0:23:56]} Kxg6
{[%clk 0:02:17]} 45. e5 {[%clk 0:24:17]} Rb6 {[%clk 0:02:40]} 46. Rf8
{[%clk 0:22:56]} b4+ {[%clk 0:02:30]} 47. Kxc4 {[%clk 0:23:24]} b3
{[%clk 0:02:55]} 48. Rf1 {[%clk 0:23:48]} b2 {[%clk 0:03:12]} 49. Rb1
{[%clk 0:24:14]} Kf5 {[%clk 0:03:25]} 50. Kd3 {[%clk 0:21:14]} Ke6
{[%clk 0:03:00]} 51. Kc3 {[%clk 0:19:40]} Rc6+ {[%clk 0:02:16]} 52. Kxb2
{[%clk 0:20:04]} Kd5 {[%clk 0:02:44]} 53. Rd1 {[%clk 0:20:20]} g5
{[%clk 0:02:58]} 54. Rc1 {[%clk 0:16:27]} Ra6 {[%clk 0:02:25]} 55. Rd1
{[%clk 0:12:45]} Rc6 {[%clk 0:01:50]} 56. Rc1 {[%clk 0:05:22]} Ra6
{[%clk 0:01:29]} 57. Rd1 {[%clk 0:05:27]} Rc6 {[%clk 0:00:47]} 58. Rc1
{[%clk 0:05:48]} Ra6 {[%clk 0:00:55]} 59. Rd1 {[%clk 0:06:10]} h5
{[%clk 0:00:52]} 60. Rd2 {[%clk 0:03:44]} g4 {[%clk 0:00:49]} 61. Kc3
{[%clk 0:03:30]} Ra3+ {[%clk 0:01:03]} 62. Kc2 {[%clk 0:03:45]} Re3
{[%clk 0:00:48]} 63. Rd3 {[%clk 0:02:53]} Re2+ {[%clk 0:01:00]} 64. Rd2
{[%clk 0:03:22]} Re4 {[%clk 0:01:16]} 65. Rd3 {[%clk 0:02:16]} h4
{[%clk 0:01:29]} 66. Kc3 {[%clk 0:01:34]} Re2 {[%clk 0:01:47]} 67. h3
{[%clk 0:01:03]} g3 {[%clk 0:01:38]} 68. Rd1 {[%clk 0:01:15]} Rh2
{[%clk 0:01:46]} 69. Re1 {[%clk 0:01:21]} g2 {[%clk 0:01:51]} 70. e6
{[%clk 0:01:02]} Rh1 {[%clk 0:02:15]} 71. Re5+ {[%clk 0:01:23]} Kd6
{[%clk 0:02:26]} 72. e7 {[%clk 0:01:41]} Rxh3+ {[%clk 0:00:52]} 73. Kc2
{[%clk 0:01:14]} g1=Q {[%clk 0:01:17]} 74. e8=Q {[%clk 0:01:38]} Qf2+
{[%clk 0:00:40]} 75. Re2 {[%clk 0:01:28]} Qf5+ {[%clk 0:01:06]} 76. Kb2
{[%clk 0:01:45]} Rh1 {[%clk 0:00:33]} 77. Qb8+ {[%clk 0:01:53]} Kc6
{[%clk 0:00:49]} 78. Rc2+ {[%clk 0:01:47]} Kd7 {[%clk 0:00:56]} 79. Qb7+
{[%clk 0:01:56]} 1-0

[Event "European Youth Chess Championship G16"]
[Site "Prague, Top Hotel Prague"]
[Date "2012.08.25"]
[Round "9.4"]
[White "Hincu, Olga"]
[Black "Smirnova, Ekaterina"]
[Result "0-1"]
[WhiteElo "1931"]
[BlackElo "2113"]
[PlyCount "0"]
[EventDate "2012.08.17"]

1. Nf3 {[%clk 1:30:57]} d5 {[%clk 1:30:49]} 2. d4 {[%clk 1:31:22]} Nf6
{[%clk 1:31:03]} 3. c4 {[%clk 1:31:48]} c6 {[%clk 1:31:29]} 4. e3
{[%clk 1:32:12]} Bg4 {[%clk 1:31:41]} 5. Nbd2 {[%clk 1:31:58]} e6
{[%clk 1:31:42]} 6. Bd3 {[%clk 1:31:19]} Be7 {[%clk 1:30:40]} 7. b3
{[%clk 1:30:54]} Nbd7 {[%clk 1:29:38]} 8. Bb2 {[%clk 1:30:52]} O-O
{[%clk 1:29:31]} 9. Qc2 {[%clk 1:28:42]} Bh5 {[%clk 1:22:28]} 10. O-O
{[%clk 1:28:22]} Rc8 {[%clk 1:20:02]} 11. Ne5 {[%clk 1:23:04]} Bg6
{[%clk 1:14:34]} 12. Nxg6 {[%clk 1:21:27]} hxg6 {[%clk 1:14:59]} 13. e4
{[%clk 1:19:02]} dxe4 {[%clk 1:12:44]} 14. Nxe4 {[%clk 1:18:49]} c5
{[%clk 1:12:19]} 15. Rad1 {[%clk 1:15:10]} cxd4 {[%clk 1:01:49]} 16. Bxd4
{[%clk 1:14:29]} Qc7 {[%clk 1:01:00]} 17. Qe2 {[%clk 1:06:50]} Nxe4
{[%clk 0:54:59]} 18. Bxe4 {[%clk 1:06:41]} Bf6 {[%clk 0:52:02]} 19. Be3
{[%clk 1:02:51]} Rfd8 {[%clk 0:47:45]} 20. g3 {[%clk 0:53:19]} b6
{[%clk 0:46:01]} 21. Bg2 {[%clk 0:37:27]} Nc5 {[%clk 0:42:09]} 22. Bf4
{[%clk 0:29:44]} Qe7 {[%clk 0:41:41]} 23. Be5 {[%clk 0:23:26]} Bxe5
{[%clk 0:38:13]} 24. Qxe5 {[%clk 0:23:44]} Qf6 {[%clk 0:34:18]} 25. Qxf6
{[%clk 0:20:40]} gxf6 {[%clk 0:33:22]} 26. f4 {[%clk 0:18:34]} a5
{[%clk 0:28:27]} 27. Bf3 {[%clk 0:15:31]} a4 {[%clk 0:22:16]} 28. Rxd8+
{[%clk 0:14:31]} Rxd8 {[%clk 0:22:44]} 29. Rd1 {[%clk 0:14:44]} Rxd1+
{[%clk 0:22:24]} 30. Bxd1 {[%clk 0:15:10]} a3 {[%clk 0:22:25]} 31. Bc2
{[%clk 0:13:21]} Na6 {[%clk 0:22:27]} 32. Kf2 {[%clk 0:12:53]} Kf8
{[%clk 0:22:03]} 33. Ke3 {[%clk 0:12:43]} Ke7 {[%clk 0:22:17]} 34. Kd4
{[%clk 0:08:54]} Kd6 {[%clk 0:22:25]} 35. g4 {[%clk 0:06:43]} g5 {[%clk 0:20:10]}
36. Ke4 {[%clk 0:02:58]} Nb4 {[%clk 0:15:53]} 37. Bb1 {[%clk 0:03:21]} Nc6
{[%clk 0:16:07]} 38. Bd3 {[%clk 0:02:33]} Kc5 {[%clk 0:15:01]} 39. fxg5
{[%clk 0:01:26]} fxg5 {[%clk 0:15:30]} 40. Ke3 {[%clk 0:30:47]} f6
{[%clk 0:44:01]} 41. h3 {[%clk 0:29:59]} Kb4 {[%clk 0:41:34]} 42. Kd2
{[%clk 0:22:10]} Nd4 {[%clk 0:41:19]} 43. Bc2 {[%clk 0:18:29]} Nf3+
{[%clk 0:40:55]} 44. Kc1 {[%clk 0:18:08]} Ng1 {[%clk 0:38:13]} 0-1

[Event "European Youth Chess Championship G16"]
[Site "Prague, Top Hotel Prague"]
[Date "2012.08.25"]
[Round "9.5"]
[White "Utiatskaja, Irina"]
[Black "Kostitsina, Liubov"]
[Result "1-0"]
[WhiteElo "2012"]
[BlackElo "2057"]
[PlyCount "0"]
[EventDate "2012.08.17"]

1. e4 {[%clk 1:30:58]} c5 {[%clk 1:29:57]} 2. Nf3 {[%clk 1:31:22]} e6
{[%clk 1:30:20]} 3. g3 {[%clk 1:31:31]} Nf6 {[%clk 1:26:30]} 4. Qe2
{[%clk 1:29:51]} d5 {[%clk 1:16:43]} 5. d3 {[%clk 1:29:48]} Nc6 {[%clk 1:16:14]}
6. Bg2 {[%clk 1:29:55]} Be7 {[%clk 1:14:39]} 7. O-O {[%clk 1:30:15]} b6
{[%clk 1:06:29]} 8. e5 {[%clk 1:24:58]} Nd7 {[%clk 1:06:46]} 9. c4
{[%clk 1:24:51]} Nf8 {[%clk 0:57:17]} 10. Re1 {[%clk 1:07:15]} Bb7
{[%clk 0:55:49]} 11. Nc3 {[%clk 1:01:14]} Qd7 {[%clk 0:49:12]} 12. Nb5
{[%clk 0:45:38]} d4 {[%clk 0:35:58]} 13. Bg5 {[%clk 0:36:42]} f6 {[%clk 0:31:18]}
14. exf6 {[%clk 0:36:09]} gxf6 {[%clk 0:31:45]} 15. Bf4 {[%clk 0:36:15]} Rc8
{[%clk 0:28:22]} 16. Bh3 {[%clk 0:32:15]} a6 {[%clk 0:28:03]} 17. Na3
{[%clk 0:26:00]} Nd8 {[%clk 0:28:01]} 18. Nh4 {[%clk 0:21:10]} Qc6
{[%clk 0:21:03]} 19. Bg2 {[%clk 0:20:06]} Qd7 {[%clk 0:21:32]} 20. Qh5+
{[%clk 0:20:11]} Nf7 {[%clk 0:21:55]} 21. Bxb7 {[%clk 0:16:06]} Qxb7
{[%clk 0:22:23]} 22. Bh6 {[%clk 0:15:43]} Qc6 {[%clk 0:13:26]} 23. Bg7
{[%clk 0:15:20]} Rg8 {[%clk 0:13:55]} 24. Bxf8 {[%clk 0:15:39]} Bxf8
{[%clk 0:14:08]} 25. Qxh7 {[%clk 0:15:38]} Rh8 {[%clk 0:10:55]} 26. Qf5
{[%clk 0:14:11]} Ng5 {[%clk 0:03:27]} 27. Qxf6 {[%clk 0:13:52]} Rg8
{[%clk 0:03:56]} 28. Ng6 {[%clk 0:10:42]} Nf3+ {[%clk 0:03:13]} 29. Kf1
{[%clk 0:11:07]} Nxh2+ {[%clk 0:03:22]} 30. Ke2 {[%clk 0:09:04]} Rc7
{[%clk 0:02:13]} 31. Kd1 {[%clk 0:05:59]} Rf7 {[%clk 0:01:55]} 32. Rxe6+
{[%clk 0:06:08]} 1-0

[Event "European Youth Chess Championship G16"]
[Site "Prague, Top Hotel Prague"]
[Date "2012.08.25"]
[Round "9.6"]
[White "Soyunlu, Narmin"]
[Black "Marikova, Jana"]
[Result "0-1"]
[WhiteElo "1895"]
[BlackElo "1887"]
[PlyCount "0"]
[EventDate "2012.08.17"]

1. c4 {[%clk 1:30:57]} g6 {[%clk 1:30:57]} 2. g3 {[%clk 1:31:17]} Bg7
{[%clk 1:31:23]} 3. Bg2 {[%clk 1:31:43]} c5 {[%clk 1:31:49]} 4. Nc3
{[%clk 1:31:25]} Nc6 {[%clk 1:32:15]} 5. d3 {[%clk 1:30:04]} d6 {[%clk 1:32:02]}
6. e3 {[%clk 1:28:57]} e5 {[%clk 1:30:58]} 7. Nge2 {[%clk 1:29:18]} Nge7
{[%clk 1:31:16]} 8. O-O {[%clk 1:28:46]} O-O {[%clk 1:30:50]} 9. h3
{[%clk 1:28:41]} Be6 {[%clk 1:29:14]} 10. Nd5 {[%clk 1:28:53]} Qd7
{[%clk 1:27:08]} 11. Kh2 {[%clk 1:29:10]} f5 {[%clk 1:25:35]} 12. Rb1
{[%clk 1:20:50]} Rab8 {[%clk 1:20:32]} 13. Nec3 {[%clk 1:19:02]} a6
{[%clk 1:13:34]} 14. a3 {[%clk 1:04:36]} b5 {[%clk 1:08:49]} 15. cxb5
{[%clk 1:04:30]} axb5 {[%clk 1:07:31]} 16. b4 {[%clk 1:01:04]} Rfc8
{[%clk 0:58:37]} 17. e4 {[%clk 0:43:27]} Bxd5 {[%clk 0:50:00]} 18. exd5
{[%clk 0:34:12]} Nd4 {[%clk 0:48:43]} 19. Bd2 {[%clk 0:27:05]} Ra8
{[%clk 0:40:41]} 20. Ra1 {[%clk 0:25:21]} c4 {[%clk 0:33:48]} 21. dxc4
{[%clk 0:20:11]} Rxc4 {[%clk 0:32:58]} 22. Re1 {[%clk 0:17:47]} Qc7
{[%clk 0:20:51]} 23. Nxb5 {[%clk 0:06:51]} Nxb5 {[%clk 0:20:55]} 24. Bf1
{[%clk 0:07:15]} Nd4 {[%clk 0:19:04]} 25. a4 {[%clk 0:04:15]} Rc2
{[%clk 0:17:12]} 26. Kh1 {[%clk 0:02:12]} Nb3 {[%clk 0:14:21]} 27. Ra3
{[%clk 0:01:01]} Nxd2 {[%clk 0:14:31]} 28. Bd3 {[%clk 0:01:18]} Rc3
{[%clk 0:14:46]} 0-1

[Event "European Youth Chess Championship G16"]
[Site "Prague, Top Hotel Prague"]
[Date "2012.08.25"]
[Round "9.7"]
[White "Varga, Melinda"]
[Black "Cemhan, Kardelen"]
[Result "1/2-1/2"]
[WhiteElo "2232"]
[BlackElo "1938"]
[PlyCount "0"]
[EventDate "2012.08.17"]

1. Nf3 {[%clk 1:30:57]} c5 {[%clk 1:30:53]} 2. c4 {[%clk 1:31:21]} Nf6
{[%clk 1:31:18]} 3. Nc3 {[%clk 1:31:45]} d5 {[%clk 1:31:43]} 4. cxd5
{[%clk 1:29:09]} Nxd5 {[%clk 1:32:05]} 5. d4 {[%clk 1:29:19]} e6 {[%clk 1:32:25]}
6. g3 {[%clk 1:29:25]} Nxc3 {[%clk 1:28:24]} 7. bxc3 {[%clk 1:29:46]} cxd4
{[%clk 1:28:40]} 8. cxd4 {[%clk 1:29:26]} Bb4+ {[%clk 1:28:34]} 9. Bd2
{[%clk 1:29:37]} Bxd2+ {[%clk 1:28:54]} 10. Qxd2 {[%clk 1:30:01]} O-O
{[%clk 1:29:04]} 11. Bg2 {[%clk 1:30:20]} Nc6 {[%clk 1:26:30]} 12. O-O
{[%clk 1:30:08]} Qe7 {[%clk 1:24:54]} 13. e3 {[%clk 1:26:29]} Rd8
{[%clk 1:22:32]} 14. Qb2 {[%clk 1:25:32]} Rb8 {[%clk 1:20:23]} 15. Nd2
{[%clk 1:23:40]} Bd7 {[%clk 1:19:02]} 16. Rac1 {[%clk 1:12:29]} Rdc8
{[%clk 1:15:26]} 17. Rc3 {[%clk 1:11:20]} b6 {[%clk 1:12:14]} 18. Rfc1
{[%clk 1:06:14]} Qd6 {[%clk 1:00:39]} 19. Ne4 {[%clk 0:58:01]} Qb4
{[%clk 0:57:13]} 20. Qd2 {[%clk 0:52:33]} Qe7 {[%clk 0:52:27]} 21. d5
{[%clk 0:47:09]} exd5 {[%clk 0:48:19]} 22. Qxd5 {[%clk 0:47:27]} Nb4
{[%clk 0:46:14]} 23. Rxc8+ {[%clk 0:33:41]} Rxc8 {[%clk 0:46:16]} 24. Rxc8+
{[%clk 0:32:43]} Bxc8 {[%clk 0:46:44]} 25. Qa8 {[%clk 0:30:24]} Qd7
{[%clk 0:46:12]} 26. a3 {[%clk 0:25:36]} Nc6 {[%clk 0:41:27]} 27. Nd6
{[%clk 0:16:22]} Qxd6 {[%clk 0:38:09]} 28. Bxc6 {[%clk 0:16:24]} Qc7
{[%clk 0:38:16]} 29. Bf3 {[%clk 0:15:58]} g6 {[%clk 0:36:32]} 30. Bg4
{[%clk 0:15:44]} f5 {[%clk 0:36:51]} 31. Bf3 {[%clk 0:15:48]} Kg7
{[%clk 0:36:09]} 32. Qd5 {[%clk 0:15:27]} Qc1+ {[%clk 0:32:28]} 33. Kg2
{[%clk 0:15:52]} Qxa3 {[%clk 0:29:55]} 34. Qd4+ {[%clk 0:12:20]} Kh6
{[%clk 0:28:57]} 35. Qf4+ {[%clk 0:11:34]} g5 {[%clk 0:29:20]} 36. Qc7
{[%clk 0:09:25]} Ba6 {[%clk 0:27:22]} 37. Qf7 {[%clk 0:06:11]} Qa1
{[%clk 0:25:29]} 38. Qh5+ {[%clk 0:06:22]} Kg7 {[%clk 0:25:57]} 39. Qxg5+
{[%clk 0:06:48]} Kh8 {[%clk 0:21:02]} 40. Qd8+ {[%clk 0:37:13]} Kg7
{[%clk 0:51:25]} 41. Qd7+ {[%clk 0:35:49]} Kg6 {[%clk 0:48:44]} 42. Bd1
{[%clk 0:34:06]} Bb7+ {[%clk 0:42:15]} 43. Kh3 {[%clk 0:27:15]} Qg7
{[%clk 0:36:45]} 44. Qe6+ {[%clk 0:22:42]} Qf6 {[%clk 0:36:30]} 45. Bh5+
{[%clk 0:21:21]} Kg7 {[%clk 0:36:48]} 46. Qd7+ {[%clk 0:21:41]} Kh6
{[%clk 0:36:29]} 47. Qxb7 {[%clk 0:21:57]} Kxh5 {[%clk 0:36:46]} 48. Qxh7+
{[%clk 0:20:55]} Qh6 {[%clk 0:37:08]} 49. Qxf5+ {[%clk 0:21:11]} Qg5
{[%clk 0:37:31]} 50. Qh7+ {[%clk 0:13:56]} Qh6 {[%clk 0:37:01]} 51. Qxa7
{[%clk 0:11:52]} Kg5+ {[%clk 0:36:17]} 52. Kg2 {[%clk 0:12:18]} Qc6+
{[%clk 0:36:41]} 53. Kf1 {[%clk 0:10:14]} Qc1+ {[%clk 0:35:47]} 54. Ke2
{[%clk 0:09:44]} Qc2+ {[%clk 0:36:04]} 55. Kf3 {[%clk 0:09:55]} Qf5+
{[%clk 0:36:20]} 56. Kg2 {[%clk 0:08:49]} Qe4+ {[%clk 0:36:18]} 57. f3
{[%clk 0:07:32]} Qc2+ {[%clk 0:36:38]} 58. Kh3 {[%clk 0:07:45]} Qf5+
{[%clk 0:36:58]} 1/2-1/2

[Event "European Youth Chess Championship G16"]
[Site "Prague, Top Hotel Prague"]
[Date "2012.08.25"]
[Round "9.8"]
[White "Osmanodja, Filiz"]
[Black "Zavgorodniaya, Alena"]
[Result "1-0"]
[WhiteElo "2199"]
[BlackElo "1910"]
[PlyCount "0"]
[EventDate "2012.08.17"]

1. e4 {[%clk 1:30:58]} e5 {[%clk 1:30:57]} 2. Nf3 {[%clk 1:31:25]} Nc6
{[%clk 1:31:22]} 3. Bb5 {[%clk 1:31:52]} a6 {[%clk 1:31:47]} 4. Ba4
{[%clk 1:32:19]} Nf6 {[%clk 1:32:13]} 5. O-O {[%clk 1:32:44]} Be7
{[%clk 1:32:39]} 6. Re1 {[%clk 1:33:11]} b5 {[%clk 1:33:04]} 7. Bb3
{[%clk 1:33:38]} d6 {[%clk 1:33:31]} 8. c3 {[%clk 1:34:04]} O-O {[%clk 1:33:56]}
9. h3 {[%clk 1:34:32]} Na5 {[%clk 1:34:22]} 10. Bc2 {[%clk 1:34:59]} c5
{[%clk 1:34:47]} 11. d4 {[%clk 1:35:26]} Qc7 {[%clk 1:35:13]} 12. Nbd2
{[%clk 1:35:42]} cxd4 {[%clk 1:35:32]} 13. cxd4 {[%clk 1:36:10]} Nc6
{[%clk 1:35:56]} 14. Nb3 {[%clk 1:36:25]} a5 {[%clk 1:36:13]} 15. Be3
{[%clk 1:36:45]} a4 {[%clk 1:36:36]} 16. Nbd2 {[%clk 1:37:13]} Bd7
{[%clk 1:36:55]} 17. Rc1 {[%clk 1:37:25]} Qb7 {[%clk 1:36:40]} 18. Nf1
{[%clk 1:37:15]} Rfe8 {[%clk 1:34:51]} 19. Ng3 {[%clk 1:37:32]} Rac8
{[%clk 1:23:15]} 20. Qe2 {[%clk 1:31:58]} exd4 {[%clk 1:11:24]} 21. Nxd4
{[%clk 1:28:47]} Ne5 {[%clk 1:09:36]} 22. b3 {[%clk 1:20:24]} Rb8
{[%clk 0:48:27]} 23. Red1 {[%clk 1:14:37]} Nc6 {[%clk 0:36:37]} 24. Ndf5
{[%clk 1:08:31]} Bxf5 {[%clk 0:36:24]} 25. Nxf5 {[%clk 1:07:49]} Nb4
{[%clk 0:35:33]} 26. Bb1 {[%clk 1:04:40]} Bf8 {[%clk 0:21:28]} 27. a3
{[%clk 0:38:49]} Na6 {[%clk 0:18:53]} 28. Nxd6 {[%clk 0:37:37]} Bxd6
{[%clk 0:19:08]} 29. Rxd6 {[%clk 0:38:05]} Ra8 {[%clk 0:09:48]} 30. Rxf6
{[%clk 0:25:00]} gxf6 {[%clk 0:09:30]} 31. Qg4+ {[%clk 0:23:29]} Kf8
{[%clk 0:06:27]} 32. Bh6+ {[%clk 0:22:31]} Ke7 {[%clk 0:06:56]} 33. e5
{[%clk 0:21:14]} Rg8 {[%clk 0:02:48]} 34. exf6+ {[%clk 0:21:00]} 1-0